Normal view MARC view

Entry Personal Name

Number of records used in: 1

001 - CONTROL NUMBER

  • control field: 307951

003 - CONTROL NUMBER IDENTIFIER

  • control field: DLC

005 - DATE AND TIME OF LATEST TRANSACTION

  • control field: 20241121093618.0

008 - FIXED-LENGTH DATA ELEMENTS

  • fixed length control field: 130617n| azannabbn |a aaa

010 ## - LIBRARY OF CONGRESS CONTROL NUMBER

  • LC control number: n 2013183837

035 ## - SYSTEM CONTROL NUMBER

  • System control number: (DNLM)1569625

040 ## - CATALOGING SOURCE

  • Original cataloging agency: DNLM
  • Language of cataloging: eng
  • Description conventions: rda
  • Transcribing agency: DNLM
  • Modifying agency: MY-SjTCS

100 1# - HEADING--PERSONAL NAME

  • Personal name: Owen, Judith A.

374 ## - OCCUPATION

  • Occupation: College teachers
  • Source of term: lcsh

375 ## - GENDER

  • Gender: female

377 ## - ASSOCIATED LANGUAGE

  • Language code: eng

400 1# - SEE FROM TRACING--PERSONAL NAME

  • Personal name: Owen, Judy

670 ## - SOURCE DATA FOUND

  • Source citation: Kuby immunology, c2013:
  • Information found: t.p. (Judith A. Owen, Haverford College) about the authors (Judy Owen; teaches courses in biochemistry and immunology)